000 01936nam a22002537a 4500
999 _c63130
_d63130
003 Ge_BSU
005 20250610100120.0
008 250610s2023 ge ||||| |||| 00| 0 geo d
020 _a9789941316470
041 _ageo
080 _a51(075.8) მ-15
245 _aმათემატიკა 1: კლასი :
_bმოსწავლის წიგნი. ნაწ. 3 /
_c გურამ გოგიშვილი, თეიმურაზ ვეფხვაძე, ია მებონია, ლამარა ქურჩიშვილი; რედაქტორი თეიმურაზ ვეფხვაძე; მხატვარი ნანა მიქაბერიძე; გარეკანის დიზაინერები: გურამ გოგიშვილი, ილია ხელაია.
264 _aთბილისი :
_bინტელექტი,
_c2023.
300 _a88 გვ.:
_bოლ.;
_c28 სმ.
500 _aგრიფმინიჭებულია საქართველოს განათლებისა და მეცნიერების სამინისტროს მიერ 2023 წელს
653 _aმათემატიკა
700 _a გოგიშვილი, გურამ
_e ავტორი, გარეკანის დიზაინერი
_925340
700 _aვეფხვაძე, თეიმურაზ
_eავტორი, რედაქტორი
_925341
700 _a მებონია, ია
_eავტორი
_925342
700 _a ქურჩიშვილი, ლამარა
_eავტორი
_925343
700 _aმიქაბერიძე, ნანა
_e მხატვარი
_925287
700 _aხელაია, ილია
_eგარეკანის დიზაინერი
_925344
942 _2udc
_cᲬᲘᲒᲜᲘ